<?xml version="1.0" encoding="UTF-8"?>
<collection xmlns="http://www.loc.gov/MARC21/slim">
 <record>
  <leader>07134nam a2200433 a 4500</leader>
  <controlfield tag="001">kal4500</controlfield>
  <controlfield tag="003">Gr-AtHEAL</controlfield>
  <controlfield tag="005">20160427192007.0</controlfield>
  <controlfield tag="006">m        d        </controlfield>
  <controlfield tag="008">160413s2015    gr      s           gre|c</controlfield>
  <datafield tag="020" ind1=" " ind2=" ">
   <subfield code="a">9789606034602</subfield>
  </datafield>
  <datafield tag="040" ind1=" " ind2=" ">
   <subfield code="a">GR-AtHEAL</subfield>
   <subfield code="b">gre</subfield>
   <subfield code="c">GR-AtHEAL</subfield>
  </datafield>
  <datafield tag="082" ind1="0" ind2="4">
   <subfield code="a">670.285</subfield>
   <subfield code="2">23</subfield>
  </datafield>
  <datafield tag="100" ind1="1" ind2=" ">
   <subfield code="a">Δεδούσης, Βασίλειος.</subfield>
   <subfield code="8">2496</subfield>
  </datafield>
  <datafield tag="245" ind1="1" ind2="0">
   <subfield code="a">Συστήματα CAD</subfield>
   <subfield code="h">[Ηλεκτρονικός πόρος] </subfield>
   <subfield code="b">Βασικά στοιχεία και εφαρμογές</subfield>
   <subfield code="c">Δεδούσης, Βασίλειος ; Γιαννατσής, Ιωάννης ; Κανελλίδης, Βασίλειος ; Κριτικός αναγνώστης,Ανδράδης, Γεώργιος ; Τεχνική επιμέλεια,Σαγάνη, Αγγελική ; Τεχνική επιμέλεια,Καλποδήμου, Άννα.</subfield>
  </datafield>
  <datafield tag="260" ind1=" " ind2=" ">
   <subfield code="a">Αθήνα :</subfield>
   <subfield code="b">Σύνδεσμος Ελληνικών Ακαδημαϊκών Βιβλιοθηκών,</subfield>
   <subfield code="c">c2015.</subfield>
  </datafield>
  <datafield tag="490" ind1=" " ind2=" ">
   <subfield code="a">Ακαδημαϊκά Ηλεκτρονικά Συγγράμματα και Βοηθήματα Κάλλιπος</subfield>
   <subfield code="8">40</subfield>
  </datafield>
  <datafield tag="505" ind1=" " ind2=" ">
   <subfield code="a">1. Σχεδιασμός προϊόντων και συστήματα CAD2. Βασικά στοιχεία τεχνικού κατασκευαστικού σχεδίου3. Στοιχεία προγραμματισμού γραφικών4. Τεχνικές γεωμετρικών αναπαραστάσεων5. Παράδειγμα παραμετρικής σχεδίασης με χαρακτηριστικά6. Σχεδιασμός προσανατολισμένος στην παραγωγή7. Ολοκληρωμένη παραγωγή και συστήματα διαχείρισης δεδομένων</subfield>
  </datafield>
  <datafield tag="520" ind1=" " ind2=" ">
   <subfield code="a">Το προτεινόμενο βιβλίο αποτελεί μια περιεκτική εισαγωγή στην τεχνολογία και τη μεθοδολογία του Σχεδιασμού με τη βοήθεια Η/Υ (CAD – Computer Aided Design), δίνοντας έμφαση στις πρακτικές εφαρμογές της συγκεκριμένης τεχνολογίας στις σύγχρονες επιχειρήσεις. Στόχος του βιβλίου είναι η παρουσίαση των βασικών αρχών και στοιχείων των συστημάτων CAD με τρόπο που θα κάνει εφικτή την χρήση των σχετικών εργαλείων και την εξοικείωση με αυτά, από σπουδαστές που δεν διαθέτουν, απαραίτητα, σχετική εκπαίδευση ή εμπειρία/εξοικείωση με τις αρχές και μεθόδους του τεχνικού σχεδίου ή/και του μηχανολογικού σχεδιασμού.Στο πλαίσιο παρουσίασης των βασικών στοιχείων παρουσιάζονται οι κύριες τεχνικές γεωμετρικών αναπαραστάσεων/μοντελοποίησης και τα βασικά στοιχεία προγραμματισμού γραφικών, που αποτελούν τη βάση για την κατανόηση των αρχών λειτουργίας ενός συστήματος CAD. Για την πληρέστερη εξοικείωση με τη συνήθη χρήση των συστημάτων CAD, παρουσιάζονται επίσης κάποια βασικά στοιχεία τεχνικού κατασκευαστικού σχεδίου, καθώς και τα κύρια μέρη του απαιτούμενου εξοπλισμού.Στο πεδίο των εφαρμογών περιλαμβάνεται αρχικά μια σύντομη εισαγωγή στη διαδικασία και τις μεθόδους σχεδιασμού προϊόντων. Το συγκεκριμένο θέμα εξειδικεύεται στη συνέχεια παρουσιάζοντας τη μεθοδολογία του Σχεδιασμού για Παραγωγή/Συναρμολόγηση (DFM/A – Design for Manufacturing/Assembly). Παρουσιάζονται επίσης εφαρμογές των συστημάτων CAD για τη διενέργεια τεχνικών μελετών και ανάλυσης (Computer Aided Engineering) και την εικονική μελέτη (Virtual Engineering). Η χρήση συστημάτων CAD για την υποστήριξη μεθόδων παράλληλου (concurrent) και συνεργατικού (collaborative) σχεδιασμού παρουσιάζεται επίσης συνοπτικά. Τέλος, στο πλαίσιο της ολοκληρωμένης παραγωγής χρησιμοποιώντας Η/Υ (CIM – Computer Integrated Manufacturing), παρουσιάζεται ο ρόλος των συστημάτων CAD και οι μέθοδοι διασύνδεσής των με συγγενείς τεχνολογίες (CAM, ρομπότ) καθώς και η σχέση τους με τα συστήματα διαχείρισης δεδομένων (PDM - Product Data Management)</subfield>
  </datafield>
  <datafield tag="650" ind1=" " ind2="0">
   <subfield code="a">CAD/CAM systems.</subfield>
   <subfield code="8">2727</subfield>
  </datafield>
  <datafield tag="653" ind1=" " ind2=" ">
   <subfield code="a">Σχεδιασμός προς συναρμολόγηση</subfield>
  </datafield>
  <datafield tag="653" ind1=" " ind2=" ">
   <subfield code="a">Σχεδιασμός για παραγωγή</subfield>
  </datafield>
  <datafield tag="653" ind1=" " ind2=" ">
   <subfield code="a">Ολοκληρωμένη παραγωγή</subfield>
  </datafield>
  <datafield tag="653" ind1=" " ind2=" ">
   <subfield code="a">Βιομηχανική τεχνολογία</subfield>
  </datafield>
  <datafield tag="653" ind1=" " ind2=" ">
   <subfield code="a">Σχεδιασμός προϊόντων</subfield>
  </datafield>
  <datafield tag="653" ind1=" " ind2=" ">
   <subfield code="a">Μελέτη με τη βοήθεια Η/Υ</subfield>
  </datafield>
  <datafield tag="653" ind1=" " ind2=" ">
   <subfield code="a">Σχεδίαση με τη βοήθεια Η/Υ</subfield>
  </datafield>
  <datafield tag="653" ind1=" " ind2=" ">
   <subfield code="a">Τεχνολογία και επιστήμες μηχανικών</subfield>
   <subfield code="a">Βιομηχανική τεχνολογία και μηχανική</subfield>
   <subfield code="a">Αυτοματισμός</subfield>
  </datafield>
  <datafield tag="653" ind1=" " ind2=" ">
   <subfield code="a">Τεχνολογία και επιστήμες μηχανικών</subfield>
   <subfield code="a">Βιομηχανική τεχνολογία και μηχανική</subfield>
   <subfield code="a">Μηχανική παραγωγής</subfield>
  </datafield>
  <datafield tag="653" ind1=" " ind2=" ">
   <subfield code="a">Τεχνολογία και επιστήμες μηχανικών</subfield>
   <subfield code="a">Βιομηχανική τεχνολογία και μηχανική</subfield>
   <subfield code="a">Προγραμματισμός και έλεγχος παραγωγής</subfield>
  </datafield>
  <datafield tag="653" ind1=" " ind2=" ">
   <subfield code="a">Τεχνολογία και επιστήμες μηχανικών</subfield>
   <subfield code="a">Βιομηχανική τεχνολογία και μηχανική</subfield>
   <subfield code="a">Συστήματα παραγωγής</subfield>
  </datafield>
  <datafield tag="700" ind1="1" ind2=" ">
   <subfield code="a">Γιαννατσής, Ιωάννης</subfield>
   <subfield code="e">Συγγραφέας</subfield>
   <subfield code="8">2497</subfield>
  </datafield>
  <datafield tag="700" ind1="1" ind2=" ">
   <subfield code="a">Κανελλίδης, Βασίλειος</subfield>
   <subfield code="e">Συγγραφέας</subfield>
   <subfield code="8">2498</subfield>
  </datafield>
  <datafield tag="700" ind1="1" ind2=" ">
   <subfield code="a">Ανδρεάδης, Γεώργιος</subfield>
   <subfield code="e">Κριτικός αναγνώστης</subfield>
   <subfield code="8">2499</subfield>
  </datafield>
  <datafield tag="856" ind1="4" ind2="0">
   <subfield code="u">http://hdl.handle.net/11419/4500</subfield>
   <subfield code="z">Πλήρες Κείμενο - Full text</subfield>
  </datafield>
  <datafield tag="907" ind1=" " ind2=" ">
   <subfield code="a">.b25678747</subfield>
   <subfield code="b">12-06-18</subfield>
   <subfield code="c">29-07-16</subfield>
  </datafield>
  <datafield tag="949" ind1=" " ind2=" ">
   <subfield code="0">0</subfield>
   <subfield code="1">0</subfield>
   <subfield code="2">ddc</subfield>
   <subfield code="4">0</subfield>
   <subfield code="6">670_285000000000000_ΔΕΔ</subfield>
   <subfield code="7">0</subfield>
   <subfield code="8">KALL</subfield>
   <subfield code="8">633</subfield>
   <subfield code="d">2016-04-13</subfield>
   <subfield code="r">2016-04-13</subfield>
   <subfield code="w">2016-04-13</subfield>
   <subfield code="z">670.285 ΔΕΔ</subfield>
   <subfield code="o">SEAB KALLIPOS</subfield>
  </datafield>
  <datafield tag="998" ind1=" " ind2=" ">
   <subfield code="a">80</subfield>
   <subfield code="a">01</subfield>
   <subfield code="a">02</subfield>
   <subfield code="a">03</subfield>
   <subfield code="a">04</subfield>
   <subfield code="a">05</subfield>
   <subfield code="a">06</subfield>
   <subfield code="a">07</subfield>
   <subfield code="a">08</subfield>
   <subfield code="a">09</subfield>
   <subfield code="a">10</subfield>
   <subfield code="a">11</subfield>
   <subfield code="a">12</subfield>
   <subfield code="a">13</subfield>
   <subfield code="a">14</subfield>
   <subfield code="a">15</subfield>
   <subfield code="a">16</subfield>
   <subfield code="a">17</subfield>
   <subfield code="a">18</subfield>
   <subfield code="a">19</subfield>
   <subfield code="a">20</subfield>
   <subfield code="a">21</subfield>
   <subfield code="a">22</subfield>
   <subfield code="a">23</subfield>
   <subfield code="a">24</subfield>
   <subfield code="a">25</subfield>
   <subfield code="a">26</subfield>
   <subfield code="b">12-05-17</subfield>
   <subfield code="c">m</subfield>
   <subfield code="d">z  </subfield>
   <subfield code="e">-</subfield>
   <subfield code="f">gre</subfield>
   <subfield code="g">gr </subfield>
   <subfield code="h">0</subfield>
  </datafield>
  <datafield tag="942" ind1=" " ind2=" ">
   <subfield code="2">ddc</subfield>
   <subfield code="c">KALLIPOS</subfield>
  </datafield>
 </record>
</collection>
